000 01439cad a22002415a 4500
001 L141274
008 071109s2007 xxk f 000 0 eng d
035 _a(Sirsi) u141274
041 0 _aeng
050 0 4 _a306.1 $2 18
110 2 _aNextGeneration
_95448
245 0 0 _aBuilding a sustainable future
_bUK home builders' progress in addressing sustainability
_h[electronic resource]
260 _aS.l.
_bNextGeneration
_c2007
520 _aNextGeneration is a partnership between WWF-UK, Insight Investment and the Housing Corporation which seeks to promote best practice for sustainability within the housing sector. The report ranks the UK's top 20 housebuilders in terms of their performance on sustainability issues, with the Berkeley Group, Taylor Woodrow and George Wimpey emerging as front-runners in terms of their performance on sustainability. The report suggests, however, that although home builders recognise the importance of sustainability, more needs to be done if the industry is to meet government targets of making all new homes zero carbon by 2016.
590 _aKA NTK
651 4 _aUnited Kingdom
_y
690 _aENVIRONMENTAL AND LAND CONSULTANCY-SUSTAINABILITY-SUSTAINABLE DEVELOPMENT
710 2 _aWWF-UK
710 2 _aInsight Investment
_95449
710 2 _aHousing Corporation
856 4 0 _uhttps://www.wwf.org.uk/news/n_0000004512.asp
_zView the report free of charge at www.wwf.org.uk...
942 _n0
999 _c107622
_d107622